Sovrani del Regno di Sardegna di Casa Savoia - Statistics

Statistiche generali
  • Questo quiz è stato fatto 103 volte
  • Il punteggio medio è 5 su 8
Statistiche sulle risposte
Anni di regno Sovrano % Corretto
1802-1821 Vittorio Emanuele I
95%
1849-1861 Vittorio Emanuele II
91%
1831-1849 Carlo Alberto
89%
1821-1831 Carlo Felice
58%
1720-1730 Vittorio Amedeo II
42%
1773-1796 Vittorio Amedeo III
38%
1730-1773 Carlo Emanuele III
29%
1796-1802 Carlo Emanuele IV
24%
Nessun quiz corrispondente trovato
Distribuzione punteggi
Percentuale di utenti per punteggio
Percentile per numero di risposta
I tuoi punteggi nel tempo
Non hai fatto questo quiz